Manual de psicología para la enseñanza

Saved in:
Bibliografiske detaljer
Main Authors: Gaonac'h, Daniel (Author), Golder, Caroline (Author)
Format: Bog
Sprog:spansk
Udgivet: Ciudad de México Siglo Veintiuno 2005
Udgivelse:1a. ed
Fag:
Tags: Tilføj Tag
Ingen Tags, Vær først til at tagge denne postø!

MARC

LEADER 00000nam a2200000 a 4500
001 UCI8634
003 CL-VaPUC
008 080911e20050000MX |||||||||||||||||spa|d
020 |a 9682325927 
082 0 4 |a 370.15  |b GAO  |2 21 
100 |a Gaonac'h, Daniel  |e author  |9 532163 
700 0 |a Golder, Caroline  |e author  |9 532164 
245 1 0 |a Manual de psicología para la enseñanza 
250 |a 1a. ed 
300 |a 622 p 
942 |c BK 
945 |d 20080911 00:00:00  |a jtorresc 
260 |a Ciudad de México  |b Siglo Veintiuno  |c 2005 
650 0 |a Psicología educacional   |9 307830 
650 0 |a Procesos de aprendizaje  |9 309161 
650 7 |a RELACION DOCENTE ALUMNO  |2 CL-VaPUC  |9 307734 
650 0 |a Motivación   |9 315362 
650 0 |a Inteligencia  |9 267038 
583 |a last modification  |c 20111003 04:40:55  |k Rodrigo Vera 
999 |c 331450  |d 331448 
952 |0 0  |1 0  |4 0  |6 370_150000000000000_GAO_2005  |7 0  |8 A  |9 418122  |a BIBEDU  |b BIBEDU  |d 2019-11-22  |i 4480260  |o 370.15 GAO 2005  |p 4480260  |r 2019-11-22  |w 2019-11-22  |y BK  |k PSI